000 00366nam a22001457a 4500
005 20180706163538.0
008 160526b xxu||||| |||| 00| 0 eng d
041 _aeng
082 _b5192
_a658.15
245 _aManaging and Marketing of Financial Services
260 _aNew Delhi
_bAcademic Faundation
300 _a359p,
650 _aManagement
_9241
942 _cBK
999 _c1820
_d1819